Statistics for 2018-19 NHL Arena Names

Click here to take the quiz!

General Stats

  • This quiz has been taken 289 times
    (209 since last reset)
  • The average score is 16 of 31

Answer Stats

TeamArena% Correct
New York RangersMadison Square Garden
83%
Boston BruinsTD Garden
81%
Montréal CanadiensCentre Bell
77%
Chicago BlackhawksUnited Center
68%
Anaheim DucksHonda Center
66%
Colorado AvalanchePepsi Center
66%
Los Angeles KingsStaples Center
65%
Calgary FlamesScotiabank Saddledome
56%
Dallas StarsAmerican Airlines Center
55%
Nashville PredatorsBridgestone Arena
55%
Vancouver CanucksRogers Arena
55%
Vegas Golden KnightsT-Mobile Arena
55%
New York IslandersBarclays Center
54%
Edmonton OilersRogers Place
54%
Detroit Red WingsLittle Caesars Arena
52%
Toronto Maple LeafsScotiabank Arena
52%
New Jersey DevilsPrudential Center
51%
Philadelphia FlyersWells Fargo Center
50%
Arizona CoyotesGila River Arena
47%
Carolina HurricanesPNC Arena
47%
Columbus Blue JacketsNationwide Arena
46%
Pittsburgh PenguinsPPG Paints Arena
46%
Tampa Bay LightningAmalie Arena
43%
Buffalo SabresKeyBank Center
43%
Washington CapitalsCapital One Arena
41%
San Jose SharksSAP Center
41%
Minnesota WildXcel Energy Center
40%
Ottawa SenatorsCanadian Tire Centre
34%
Florida PantersBB&T Center
33%
St Louis BluesEnterprise Center
28%
Winnipeg JetsBell MTS Place
24%

Score Distribution

Percentile by Number Answered

Percent of People with Each Score

Your Score History

You have not taken this quiz since the last reset